[Event "BL 2425 SV Deggendorf - Hamburger SK"]
[Site "?"]
[Date "2025.03.23"]
[Round "12.6"]
[White "Stojanovic, Dalibor"]
[Black "Kramer, Julian"]
[Result "1/2-1/2"]
[WhiteElo "2438"]
[BlackElo "2479"]
[PlyCount "185"]
[EventDate "2025.??.??"]

1. e4 c5 2. Nf3 d6 3. Bb5+ Bd7 4. Bxd7+ Qxd7 5. O-O Nc6 6. c3 d5 7. exd5 Qxd5 8. d4 e6 9. Be3 cxd4 10. Nxd4 Be7 11. Qa4 Nf6 12. Nxc6 Qxc6 13. Qxc6+ bxc6 14. Nd2 Nd5 15. Nc4 f6 16. Rad1 Kf7 17. Rd3 Rhd8 18. Rfd1 c5 19. f4 f5 20. Kf2 Ke8 21. Kf3 Rab8 22. h3 h5 23. g3 Rdc8 24. g4 hxg4+ 25. hxg4 fxg4+ 26. Kxg4 Rd8 27. Kf3 Rbc8 28. Bf2 Bf6 29. f5 Rc6 30. fxe6 Nc7 31. Rxd8+ Bxd8 32. Rd7 Rxe6 33. Rxg7 Be7 34. Bg3 Nd5 35. Rg8+ Kd7 36. Ra8 Ra6 37. a3 Ke6 38. Ke2 Nb6 39. Nxb6 Rxb6 40. b4 cxb4 41. axb4 Bxb4 42. cxb4 Rxb4 43. Rxa7 Rb2+ 44. Kf3 Rb3+ 45. Kg4 Rb4+ 46. Bf4 Rb5 47. Ra6+ Kd5 48. Rd6+ Ke4 49. Re6+ Kd5 50. Re1 Kd4 51. Kf3 Rb3+ 52. Be3+ Kd5 53. Kf4 Ra3 54. Rd1+ Ke6 55. Ke4 Ra4+ 56. Bd4 Ra2 57. Rb1 Re2+ 58. Be3 Ke7 59. Rb6 Re1 60. Kd4 Kf7 61. Bf4 Re6 62. Rb5 Kf6 63. Rh5 Kg6 64. Rh1 Kf5 65. Be5 Ra6 66. Rf1+ Kg5 67. Ke4 Ra4+ 68. Bd4 Kg4 69. Rg1+ Kh4 70. Rg7 Rb4 71. Ke5 Kh3 72. Rg8 Ra4 73. Ke4 Kh4 74. Ke3 Kh5 75. Be5 Rg4 76. Rh8+ Kg5 77. Bf4+ Kf5 78. Rf8+ Ke6 79. Ke4 Rg1 80. Ra8 Re1+ 81. Be3 Re2 82. Ra6+ Ke7 83. Kd4 Kf7 84. Bf4 Re6 85. Ra7+ Kf6 86. Rh7 Kg6 87. Rh1 Kf5 88. Be5 Ra6 89. Rf1+ Kg5 90. Ke4 Ra4+ 91. Bd4 Kg4 92. Rg1+ Kh4 93. Ke3 1/2-1/2

[Event "BL 2425 SV Deggendorf - Hamburger SK"]
[Site "?"]
[Date "2025.03.23"]
[Round "12.7"]
[White "Zwirs, Nico"]
[Black "Miljkovic, Miroslav D"]
[Result "1/2-1/2"]
[WhiteElo "2452"]
[BlackElo "2419"]
[PlyCount "53"]
[EventDate "2025.??.??"]

1. e4 e5 2. Nf3 Nc6 3. Bc4 Bc5 4. d3 Nf6 5. O-O d6 6. c3 a6 7. Re1 h6 8. Nbd2 O-O 9. Nf1 Ba7 10. h3 Na5 11. Bb3 Nxb3 12. axb3 Re8 13. Ng3 c6 14. Bd2 Nh7 15. b4 Nf8 16. Be3 Bxe3 17. Rxe3 Ng6 18. d4 Qf6 19. Nh5 Qe7 20. c4 Be6 21. Qc2 Rad8 22. Rd1 exd4 23. Nxd4 Qg5 24. Ng3 Nf4 25. Nde2 c5 26. Nxf4 Qxf4 27. Ne2 1/2-1/2

[Event "BL 2425 SV Deggendorf - Hamburger SK"]
[Site "?"]
[Date "2025.03.23"]
[Round "12.8"]
[White "Wisnet, Dominic"]
[Black "Heinemann, Thies"]
[Result "1/2-1/2"]
[WhiteElo "2264"]
[BlackElo "2424"]
[PlyCount "162"]
[EventDate "2025.??.??"]

1. Nf3 c5 2. c4 Nc6 3. g3 e5 4. Nc3 g6 5. Bg2 Bg7 6. d3 Nge7 7. h4 h6 8. e4 d6 9. Be3 Bg4 10. Bh3 Bxh3 11. Rxh3 Qd7 12. Rh1 h5 13. Nd5 Rb8 14. Kf1 b5 15. b3 f5 16. Rc1 O-O 17. Bg5 Nxd5 18. cxd5 Nd4 19. Nxd4 exd4 20. Kg2 Qf7 21. f4 Rfc8 22. Qe2 Rc7 23. Rc2 Rbc8 24. Rhc1 a6 25. Kh2 Kh7 26. Re1 Re8 27. Qg2 fxe4 28. Rxe4 Rxe4 29. Qxe4 Qf5 30. Qxf5 gxf5 31. Kg2 Kg8 32. Kf2 Kf7 33. Re2 c4 34. bxc4 bxc4 35. dxc4 Rxc4 36. Re7+ Kg8 37. Re8+ Kf7 38. Re7+ Kf8 39. Rb7 Rc2+ 40. Kf3 d3 41. Rb8+ Kf7 42. Rb7+ Kg8 43. Rb8+ Kh7 44. Rb7 Kg6 45. Rd7 Bf8 46. Rd8 Kf7 47. Rd7+ Kg8 48. Rd8 Re2 49. Bf6 Kf7 50. Bd4 Rxa2 51. Rd7+ Be7 52. Ra7 d2 53. Ke2 Ra5 54. Bc3 Rxd5 55. Bxd2 Rb5 56. Rxa6 Rb3 57. Be3 Ke6 58. Kf2 Bf6 59. Bc5 Rb2+ 60. Ke3 Be7 61. Kf3 Kd5 62. Be3 Bf6 63. Ra5+ Ke6 64. Ra8 Rb3 65. Kf2 Rb7 66. Kf3 Rd7 67. Ra6 Kf7 68. Ke2 Ke6 69. Kf3 Rc7 70. Ke2 Rc3 71. Ra8 Rc6 72. Ra5 Bd8 73. Ra8 Bf6 74. Ra5 Rc8 75. Ra7 Rg8 76. Kf3 Be7 77. Bd4 Rb8 78. Kf2 Rb4 79. Be3 Rb8 80. Kf3 Rc8 81. Bd4 Rb8 1/2-1/2

[Event "BL 2425 OSG Baden-Baden - SV Werder Brem"]
[Site "?"]
[Date "2025.03.23"]
[Round "12.2"]
[White "Vachier-Lagrave, Maxime"]
[Black "Fressinet, Laurent"]
[Result "1/2-1/2"]
[WhiteElo "2725"]
[BlackElo "2591"]
[PlyCount "81"]
[EventDate "2025.??.??"]

1. e4 e5 2. Nf3 Nc6 3. Bb5 a6 4. Ba4 Nf6 5. O-O Be7 6. d3 b5 7. Bb3 O-O 8. Nc3 d6 9. a3 Na5 10. Ba2 Be6 11. Bg5 c5 12. Bxf6 Bxf6 13. Nd5 Nc6 14. a4 b4 15. a5 Kh8 16. c3 Ra7 17. h3 g6 18. Qd2 Bg7 19. Ng5 bxc3 20. bxc3 Nxa5 21. Nxe6 fxe6 22. Ne3 c4 23. Nxc4 Nxc4 24. dxc4 Qb6 25. c5 dxc5 26. Bc4 a5 27. Ra4 Qc6 28. Qc2 Bh6 29. Rd1 Rd7 30. Rxa5 Rxd1+ 31. Qxd1 Qxe4 32. Bxe6 Qf4 33. Qe1 e4 34. Ra4 Qd2 35. Rxe4 Qxe1+ 36. Rxe1 Bd2 37. Re5 Re8 38. Rd5 Bxc3 39. Rxc5 Bd4 40. Rc6 Rb8 41. Rc8+ 1/2-1/2

[Event "BL 2425 OSG Baden-Baden - SV Werder Brem"]
[Site "?"]
[Date "2025.03.23"]
[Round "12.3"]
[White "Areshchenko, Alexander"]
[Black "Rapport, Richard"]
[Result "0-1"]
[WhiteElo "2602"]
[BlackElo "2713"]
[PlyCount "120"]
[EventDate "2025.??.??"]

1. e4 c5 2. Nf3 Nc6 3. d4 cxd4 4. Nxd4 Qb6 5. Nb3 e6 6. Nc3 Qc7 7. Bd3 a6 8. f4 b5 9. Qf3 Bb7 10. O-O Nf6 11. Kh1 d6 12. Bd2 Be7 13. Rae1 b4 14. Ne2 e5 15. Ng3 exf4 16. Nf5 g5 17. Bxf4 gxf4 18. Qxf4 Nd7 19. Ng7+ Kd8 20. Qxf7 Kc8 21. Ne6 Qb6 22. Nd2 Nde5 23. Nc4 Nxc4 24. Bxc4 Kb8 25. Bd5 Ra7 26. Qg7 Rc8 27. Rf7 Bh4 28. Ref1 Nd8 29. Nxd8 Bxd5 30. exd5 Bxd8 31. Qxh7 Rxf7 32. Rxf7 Qd4 33. Rf1 Qxb2 34. Qd7 Bc7 35. Qc6 Qxa2 36. h4 Rg8 37. Re1 Qa5 38. h5 Qc5 39. Re8+ Rxe8 40. Qxe8+ Ka7 41. Qe4 a5 42. Kh2 Qc3 43. Qh7 a4 44. h6 a3 45. Qg7 Qxg7 46. hxg7 a2 47. g8=Q a1=Q 48. g3 Qf1 49. Qg4 Qf2+ 50. Kh3 Qxc2 51. Qxb4 Qf5+ 52. g4 Qf3+ 53. Kh4 Bd8+ 54. Kh5 Qxd5+ 55. Kg6 Qe6+ 56. Kh5 Qe5+ 57. Kg6 Qc5 58. Qa4+ Kb6 59. Qb3+ Kc6 60. Qe6 Qg5+ 0-1

[Event "BL 2425 OSG Baden-Baden - SV Werder Brem"]
[Site "?"]
[Date "2025.03.23"]
[Round "12.4"]
[White "Vitiugov, Nikita"]
[Black "Efimenko, Zahar"]
[Result "1/2-1/2"]
[WhiteElo "2668"]
[BlackElo "2563"]
[PlyCount "62"]
[EventDate "2025.??.??"]

1. e4 e5 2. Nf3 Nc6 3. Bb5 a6 4. Ba4 Nf6 5. O-O Be7 6. Re1 b5 7. Bb3 O-O 8. h3 Bb7 9. d3 d5 10. exd5 Nxd5 11. Nbd2 Qd7 12. a4 Rae8 13. axb5 axb5 14. Ne4 Kh8 15. c3 f5 16. Neg5 Bd8 17. c4 bxc4 18. Bxc4 Bxg5 19. Nxg5 h6 20. Qb3 hxg5 21. Bxd5 Nd4 22. Qxb7 Rb8 23. Qa6 Qxd5 24. Ra5 Qd6 25. Qc4 Rb4 26. Qd5 Nb3 27. Rb5 Rxb5 28. Qxb5 Nc5 29. Bxg5 Nxd3 30. Be7 Qxe7 31. Qxd3 e4 1/2-1/2

[Event "BL 2425 OSG Baden-Baden - SV Werder Brem"]
[Site "?"]
[Date "2025.03.23"]
[Round "12.5"]
[White "Hracek, Zbynek"]
[Black "Bacrot, Etienne"]
[Result "1/2-1/2"]
[WhiteElo "2537"]
[BlackElo "2637"]
[PlyCount "41"]
[EventDate "2025.??.??"]

1. e4 e6 2. d4 d5 3. exd5 exd5 4. Nf3 Nf6 5. Bd3 Bd6 6. O-O O-O 7. Bg5 Bg4 8. Nbd2 Nbd7 9. c3 c6 10. Qc2 h6 11. Bh4 Qc7 12. Bg3 Rae8 13. Rfe1 Bxf3 14. Nxf3 Qb8 15. Bxd6 Qxd6 16. g3 Qb8 17. Kg2 a6 18. Bf5 Qc7 19. Rad1 Rxe1 20. Rxe1 Re8 21. Rxe8+ 1/2-1/2

[Event "BL 2425 OSG Baden-Baden - SV Werder Brem"]
[Site "?"]
[Date "2025.03.23"]
[Round "12.6"]
[White "Shirov, Alexei"]
[Black "Babula, Vlastimil"]
[Result "1/2-1/2"]
[WhiteElo "2652"]
[BlackElo "2503"]
[PlyCount "59"]
[EventDate "2025.??.??"]

1. e4 c5 2. Nf3 d6 3. d4 cxd4 4. Nxd4 Nf6 5. Nc3 Nc6 6. Bg5 e6 7. Qd2 a6 8. O-O-O Bd7 9. f4 Be7 10. Nf3 b5 11. Bxf6 gxf6 12. Bd3 Qb6 13. Kb1 b4 14. Ne2 h5 15. f5 e5 16. c3 a5 17. Bc4 Rc8 18. Rc1 Bf8 19. Qd5 Nd8 20. cxb4 axb4 21. Bb3 Bh6 22. Rxc8 Bxc8 23. Rd1 Ke7 24. Ne1 Rg8 25. Qd3 Bb7 26. Bd5 Ba6 27. Bc4 Bb7 28. Bd5 Ba6 29. Bc4 Bb7 30. Bd5 1/2-1/2

[Event "BL 2425 OSG Baden-Baden - SV Werder Brem"]
[Site "?"]
[Date "2025.03.23"]
[Round "12.7"]
[White "Grigorian, Spartak"]
[Black "Movsesian, Sergei"]
[Result "1/2-1/2"]
[WhiteElo "2434"]
[BlackElo "2593"]
[PlyCount "95"]
[EventDate "2025.??.??"]

1. d4 Nf6 2. c4 e6 3. Nc3 Bb4 4. Qc2 d5 5. a3 Bxc3+ 6. Qxc3 O-O 7. Nf3 dxc4 8. Qxc4 b6 9. Bg5 Ba6 10. Qa4 h6 11. Bxf6 Qxf6 12. g3 Bb7 13. Bg2 c5 14. dxc5 Qxb2 15. O-O Bc6 16. Qb4 Qxb4 17. axb4 bxc5 18. b5 Bd5 19. Rfd1 a5 20. Ne5 Bxg2 21. Kxg2 a4 22. Ra3 Ra5 23. Rb1 Rd8 24. Nc4 Ra7 25. b6 Ra6 26. Rb5 Kh7 27. h4 Rd5 28. e3 f6 29. Kf3 h5 30. Ke2 Kg6 31. Ra5 Rxa5 32. Nxa5 Kf7 33. Rxa4 Ke7 34. Nc4 Nc6 35. Ra8 Rd8 36. b7 Nb8 37. Ra5 Rd7 38. Rxc5 Rxb7 39. Rxh5 Rc7 40. Nd2 Nd7 41. Ra5 Ne5 42. Ra4 f5 43. e4 g6 44. f3 Rc3 45. Ra7+ Ke8 46. Ra6 Ke7 47. Ra7+ Ke8 48. Ra6 1/2-1/2

[Event "BL 2425 OSG Baden-Baden - SV Werder Brem"]
[Site "?"]
[Date "2025.03.23"]
[Round "12.8"]
[White "Hagner, Bennet"]
[Black "Reuker, Jari"]
[Result "1-0"]
[WhiteElo "2421"]
[BlackElo "2415"]
[PlyCount "93"]
[EventDate "2025.??.??"]

1. e4 e5 2. Nf3 Nc6 3. Bc4 Bc5 4. c3 Nf6 5. d3 d6 6. Bg5 h6 7. Bh4 g5 8. Bg3 a6 9. Nbd2 Ba7 10. O-O Qe7 11. b4 Nh7 12. Bd5 h5 13. h4 Bg4 14. Qb3 Nd8 15. d4 Bxf3 16. Nxf3 g4 17. Nd2 c6 18. Bc4 exd4 19. Rad1 b5 20. Bd3 Nf8 21. Kh2 Nde6 22. f4 gxf3 23. Nxf3 Rg8 24. cxd4 Rxg3 25. Kxg3 Nxd4 26. Nxd4 Bxd4 27. Kh3 Be5 28. g3 Ne6 29. Be2 Ng7 30. Rc1 Rc8 31. a4 Rc7 32. axb5 axb5 33. Kg2 Bd4 34. Qd3 Qe5 35. Rxc6 Rxc6 36. Qxb5 Qxe4+ 37. Bf3 Qc2+ 38. Kh3 d5 39. Bxd5 Kd7 40. Rxf7+ Kd6 41. Bg2 Qc4 42. Qb8+ Ke6 43. Qb7 Ke5 44. Bxc6 Qe6+ 45. Kh2 Nf5 46. Qb5+ Kd6 47. Rd7+ 1-0

[Event "BL 2425 Schachfreunde Deizisau - FC St. "]
[Site "?"]
[Date "2025.03.23"]
[Round "12.1"]
[White "Howell, David W L"]
[Black "Kamsky, Gata"]
[Result "1-0"]
[WhiteElo "2668"]
[BlackElo "2607"]
[PlyCount "109"]
[EventDate "2025.??.??"]

1. e4 e5 2. Nf3 Nc6 3. Bb5 a6 4. Ba4 Nf6 5. O-O b5 6. Bb3 Bc5 7. a4 Bb7 8. d3 d6 9. Nc3 b4 10. Ne2 Na5 11. Ba2 b3 12. Bxb3 Nxb3 13. cxb3 O-O 14. Ng3 Nd7 15. Bd2 Rb8 16. b4 Bb6 17. Bc3 g6 18. d4 exd4 19. Nxd4 Ne5 20. Nf3 Nxf3+ 21. Qxf3 f5 22. Qd3 f4 23. Ne2 Qe7 24. Nd4 Qxe4 25. Qxe4 Bxe4 26. Ne6 Rf7 27. a5 Ba7 28. Rfe1 Bd5 29. Rad1 Bb3 30. Rc1 c5 31. bxc5 Bxc5 32. Nxc5 dxc5 33. f3 Rd8 34. h4 h6 35. Re5 Rf5 36. Rce1 Rdf8 37. Re7 R5f7 38. R7e2 Rf5 39. Rd2 Bd5 40. Be5 Bf7 41. Re4 g5 42. hxg5 hxg5 43. Rd6 Kh7 44. Kf2 Bh5 45. Rxa6 Re8 46. Bc3 Rxe4 47. fxe4 Rf7 48. Ra8 g4 49. g3 f3 50. a6 Re7 51. a7 Be8 52. Rc8 Rxa7 53. Rxe8 Ra1 54. Rh8+ Kg6 55. Rh4 1-0

[Event "BL 2425 Schachfreunde Deizisau - FC St. "]
[Site "?"]
[Date "2025.03.23"]
[Round "12.2"]
[White "Banusz, Tamas"]
[Black "Christiansen, Johan-Sebastian"]
[Result "1-0"]
[WhiteElo "2580"]
[BlackElo "2657"]
[PlyCount "101"]
[EventDate "2025.??.??"]

1. d4 d5 2. Nf3 Nf6 3. Bf4 c5 4. e3 Nc6 5. Nbd2 e6 6. c3 Nh5 7. Be5 cxd4 8. cxd4 f6 9. Bg3 g6 10. Bd3 Bd7 11. a3 Be7 12. O-O Nxg3 13. hxg3 Kf7 14. b4 a5 15. b5 Na7 16. a4 Nc8 17. e4 Bb4 18. Qb3 Ne7 19. Rfc1 Qb6 20. Nf1 Rac8 21. Ne3 Kg7 22. Qb2 Qd6 23. e5 fxe5 24. dxe5 Qb6 25. Ng4 Rhd8 26. Nf6 Be8 27. Rxc8 Rxc8 28. Rc1 Rd8 29. Rc2 Bf7 30. Qc1 h6 31. Rc7 Ba3 32. Qxa3 Qxc7 33. b6 Qxb6 34. Qxe7 Rc8 35. Ng4 Qd8 36. Qf6+ Qxf6 37. exf6+ Kh7 38. Nge5 Kg8 39. Nxg6 Rc1+ 40. Kh2 Ra1 41. Nfe5 Re1 42. f4 Be8 43. g4 Re3 44. Kg1 d4 45. Kf2 b6 46. Ne7+ Kf8 47. Bc4 Re4 48. g3 Bf7 49. Bd3 Re3 50. Bg6 b5 51. Bxf7 1-0

[Event "BL 2425 Schachfreunde Deizisau - FC St. "]
[Site "?"]
[Date "2025.03.23"]
[Round "12.3"]
[White "Socko, Bartosz"]
[Black "Moussard, Jules"]
[Result "1-0"]
[WhiteElo "2568"]
[BlackElo "2592"]
[PlyCount "79"]
[EventDate "2025.??.??"]

1. e4 e6 2. d4 d5 3. Nc3 Nf6 4. e5 Nfd7 5. f4 c5 6. Nf3 Nc6 7. Be3 cxd4 8. Nxd4 Qb6 9. Qd2 Qxb2 10. Rb1 Qa3 11. Bb5 Nxd4 12. Bxd4 a6 13. Bxd7+ Bxd7 14. Rb3 Qe7 15. Rxb7 Qh4+ 16. g3 Qd8 17. O-O Qc8 18. Rb3 Be7 19. f5 Qc4 20. f6 gxf6 21. exf6 Bd6 22. Nd1 Bb5 23. Re1 Rg8 24. Ne3 Qc6 25. a4 Bxa4 26. Rb6 Qd7 27. Nf5 Bc7 28. Qb4 a5 29. Qa3 Kd8 30. Re3 Rg4 31. Qf8+ Qe8 32. Qc5 Qd7 33. Rb7 Kc8 34. Rxc7+ Qxc7 35. Qf8+ Qd8 36. Qxf7 Ra6 37. Rxe6 Rxe6 38. Qxe6+ Kb8 39. f7 Rg6 40. Qe7 1-0

[Event "BL 2425 Schachfreunde Deizisau - FC St. "]
[Site "?"]
[Date "2025.03.23"]
[Round "12.4"]
[White "Gupta, Abhijeet"]
[Black "Janik, Igor"]
[Result "1-0"]
[WhiteElo "2577"]
[BlackElo "2527"]
[PlyCount "133"]
[EventDate "2025.??.??"]

1. d4 Nf6 2. c4 e6 3. Nf3 Bb4+ 4. Nbd2 Be7 5. g3 c5 6. dxc5 Bxc5 7. Bg2 Nc6 8. O-O O-O 9. a3 a5 10. Nb3 Be7 11. Nbd4 Qb6 12. Nb5 d5 13. Be3 Bc5 14. Bxc5 Qxc5 15. cxd5 exd5 16. Nfd4 Qb6 17. e3 Bd7 18. Qd2 a4 19. Rfd1 Ra5 20. Nc3 Ne5 21. h3 Rc8 22. Qe2 Rac5 23. Rab1 Nc4 24. Na2 Qc7 25. Nb4 Nb6 26. Qe1 h5 27. Nd3 Rc4 28. Rbc1 Qd6 29. Rxc4 Nxc4 30. Qe2 g6 31. Nb4 Qe5 32. Rc1 Nb6 33. Rxc8+ Nxc8 34. Qc2 Qd6 35. Nb5 Qe5 36. Qc7 Qxb2 37. Nxd5 Nxd5 38. Qxd7 Ncb6 39. Qd8+ Kg7 40. Nd6 Nf6 41. Qe7 Qb3 42. Nxb7 Qd1+ 43. Kh2 Nc4 44. Nc5 Qd6 45. Qxd6 Nxd6 46. Bf1 Nfe4 47. Nxe4 Nxe4 48. Kg2 f5 49. Bd3 Nd2 50. f4 Kf6 51. Kf2 Nb3 52. Ke2 Nc5 53. Bc2 Ke6 54. g4 hxg4 55. hxg4 fxg4 56. Bxg6 Kd5 57. Bf7+ Ke4 58. Bh5 Kf5 59. Be8 Ke6 60. Kf2 Ne4+ 61. Kg2 Nc3 62. Kg3 Ke7 63. Bg6 Nd5 64. e4 Ne3 65. e5 Kd7 66. Bd3 Ke6 67. Bb5 1-0

[Event "BL 2425 Schachfreunde Deizisau - FC St. "]
[Site "?"]
[Date "2025.03.23"]
[Round "12.5"]
[White "Feuerstack, Aljoscha"]
[Black "Dautov, Rustem"]
[Result "1-0"]
[WhiteElo "2449"]
[BlackElo "2559"]
[PlyCount "109"]
[EventDate "2025.??.??"]

1. e4 c6 2. d4 d5 3. exd5 cxd5 4. c4 Nf6 5. Nc3 e6 6. c5 Be7 7. Bb5+ Bd7 8. Bxd7+ Nbxd7 9. Bf4 Ne4 10. Nge2 O-O 11. O-O Rc8 12. b4 f5 13. f3 Nxc3 14. Nxc3 g5 15. Bg3 f4 16. Bf2 a6 17. Re1 Rf6 18. Qb3 Nf8 19. Re5 Rf7 20. Rae1 Bf6 21. R5e2 Rg7 22. a4 g4 23. fxg4 Rxg4 24. Rxe6 Nxe6 25. Rxe6 Bh4 26. Qxd5 Bxf2+ 27. Kxf2 Qh4+ 28. Kf3 Kh8 29. Qe5+ Rg7 30. Re8+ Rxe8 31. Qxe8+ Rg8 32. Qe5+ Rg7 33. Qb8+ Rg8 34. Qxf4 Qe1 35. Qe5+ Qxe5 36. dxe5 Rd8 37. Ke4 Kg7 38. b5 Kf7 39. Nd5 axb5 40. axb5 Rc8 41. Kd4 Ke6 42. Nf4+ Kf5 43. Nd5 Ke6 44. Nb4 Rg8 45. c6 bxc6 46. Nxc6 Rg4+ 47. Kd3 Kd5 48. e6 Rxg2 49. e7 Rg8 50. Ke3 Kc5 51. Ke4 Kxb5 52. Kd5 h5 53. h4 Rh8 54. Nd4+ Kb6 55. Ne6 1-0

[Event "BL 2425 Schachfreunde Deizisau - FC St. "]
[Site "?"]
[Date "2025.03.23"]
[Round "12.6"]
[White "Graf, Alexander"]
[Black "Krause, Benedict"]
[Result "1/2-1/2"]
[WhiteElo "2520"]
[BlackElo "2416"]
[PlyCount "70"]
[EventDate "2025.??.??"]

1. Nf3 Nf6 2. c4 g6 3. Nc3 Bg7 4. e4 e5 5. Nxe5 O-O 6. Nf3 Re8 7. Bd3 Nxe4 8. Bxe4 Bxc3 9. dxc3 Rxe4+ 10. Be3 Nc6 11. Qd5 Qe8 12. O-O-O d6 13. h3 Bf5 14. Rhe1 Re6 15. Ng5 Re5 16. Qd2 f6 17. Nf3 Re7 18. Nd4 Qd7 19. Nxf5 Qxf5 20. Qd5+ Qxd5 21. cxd5 Ne5 22. f4 Nd7 23. Bd4 Rae8 24. Kd2 Rxe1 25. Rxe1 Rxe1 26. Kxe1 a6 27. g4 f5 28. b3 Kf7 29. Ke2 Nf6 30. Bxf6 Kxf6 31. g5+ Ke7 32. Kd3 Kd7 33. Kd4 b6 34. b4 Kc8 35. c4 Kb7 1/2-1/2

[Event "BL 2425 Schachfreunde Deizisau - FC St. "]
[Site "?"]
[Date "2025.03.23"]
[Round "12.7"]
[White "Sawatzki, Frank"]
[Black "Krasenkow, Michal"]
[Result "1/2-1/2"]
[WhiteElo "2342"]
[BlackElo "2516"]
[PlyCount "165"]
[EventDate "2025.??.??"]

1. e4 g6 2. d4 Bg7 3. Nc3 c6 4. Be3 d5 5. e5 f6 6. f4 Qb6 7. Na4 Qc7 8. Nf3 Nh6 9. Qd2 Bg4 10. Nh4 Nf5 11. Nxf5 Bxf5 12. Rg1 h5 13. Bd3 Nd7 14. Bxf5 gxf5 15. b3 e6 16. O-O-O O-O-O 17. h3 fxe5 18. fxe5 c5 19. dxc5 Nxe5 20. Bf4 d4 21. Rge1 Rd5 22. Kb1 Qd8 23. Qe2 Qd7 24. c4 d3 25. Qe3 Rd4 26. Bxe5 Re4 27. c6 Qxc6 28. Qc5 Bxe5 29. Rxe4 Qxc5 30. Nxc5 fxe4 31. Nxe4 Rg8 32. Rxd3 Rxg2 33. Nc5 Rb2+ 34. Kc1 Rxa2 35. Nxe6 Bf6 36. Rf3 Be7 37. Rf7 Bd6 38. c5 Bg3 39. Nd4 Rf2 40. Rh7 Bf4+ 41. Kb1 Be5 42. Ne6 Rf6 43. Ng5 Rf5 44. Rxh5 Bf6 45. h4 Rxc5 46. Rh6 Bxg5 47. hxg5 Rxg5 48. Kb2 Kc7 49. Rh7+ Kb6 50. Rh6+ Ka5 51. Rh7 Rb5 52. Ka3 a6 53. Rh6 Rd5 54. Rg6 Kb5 55. Rg7 b6 56. Kb2 a5 57. Rg6 Kc5 58. Rg2 b5 59. Rh2 Re5 60. Rd2 Re3 61. Rh2 Kd4 62. Rd2+ Ke4 63. Rd8 b4 64. Re8+ Kd4 65. Rd8+ Kc5 66. Rc8+ Kb5 67. Rb8+ Kc6 68. Rc8+ Kb7 69. Rc2 Kb6 70. Rh2 Re5 71. Rc2 Kb5 72. Rh2 Kc5 73. Rd2 Rd5 74. Rc2+ Kd4 75. Rc8 Kd3 76. Rc7 Kd2 77. Rc8 Kd1 78. Rc7 Rd2+ 79. Kb1 Ke2 80. Rc5 Kd3 81. Rxa5 Kc3 82. Rc5+ Kxb3 83. Rc1 1/2-1/2

[Event "BL 2425 Schachfreunde Deizisau - FC St. "]
[Site "?"]
[Date "2025.03.23"]
[Round "12.8"]
[White "Kozul, Zdenko"]
[Black "Voigt, Martin"]
[Result "1/2-1/2"]
[WhiteElo "2505"]
[BlackElo "2340"]
[PlyCount "85"]
[EventDate "2025.??.??"]

1. Nf3 d5 2. g3 Nc6 3. d4 Bf5 4. Bg2 Nb4 5. Na3 e6 6. O-O Be7 7. c3 Nc6 8. Nc2 Be4 9. Nce1 Nf6 10. Bg5 O-O 11. Rc1 h6 12. Bxf6 Bxf6 13. Nd3 b6 14. b4 Qd6 15. e3 Rad8 16. Qe2 Bxd3 17. Qxd3 e5 18. Qa6 Rfe8 19. a3 h5 20. Rfd1 h4 21. dxe5 Nxe5 22. Nxe5 Qxe5 23. Qxa7 hxg3 24. hxg3 Ra8 25. Qb7 Rxa3 26. Qc6 Re6 27. Qxd5 Rd6 28. Qxe5 Bxe5 29. Rxd6 cxd6 30. c4 Ra1 31. Rxa1 Bxa1 32. g4 Bc3 33. b5 g5 34. Bd5 Kg7 35. Kf1 Bb4 36. Ke2 Bc5 37. Kd3 f6 38. Be6 Ba3 39. Ke4 Bc5 40. Kd5 Ba3 41. Bf5 Bc5 42. Ke6 Bb4 43. Bc2 1/2-1/2

[Event "BL 2425 SG Solingen - Düsseldorfer SK"]
[Site "?"]
[Date "2025.04.25"]
[Round "13.2"]
[White "L'Ami, Erwin"]
[Black "So, Wesley"]
[Result "1/2-1/2"]
[WhiteElo "2618"]
[BlackElo "2748"]
[PlyCount "60"]
[EventDate "2025.??.??"]

1. d4 Nf6 2. c4 e6 3. Nf3 d5 4. Nc3 a6 5. cxd5 exd5 6. Bg5 Be6 7. Bxf6 Qxf6 8. Qb3 Ra7 9. g3 Qd8 10. h4 Be7 11. Bh3 Bxh3 12. Rxh3 c6 13. O-O-O Nd7 14. e4 dxe4 15. Nxe4 O-O 16. Rhh1 Nf6 17. Nxf6+ Bxf6 18. Ne5 a5 19. a3 a4 20. Qc4 Ra5 21. Rhe1 h5 22. Qb4 Rb5 23. Qxa4 Qc7 24. Qc4 Bxe5 25. Rxe5 Rxe5 26. dxe5 Qxe5 27. Qd4 Qe2 28. Rd2 Qf1+ 29. Rd1 Qe2 30. Rd2 Qf1+ 1/2-1/2

[Event "BL 2425 SG Solingen - Düsseldorfer SK"]
[Site "?"]
[Date "2025.04.25"]
[Round "13.3"]
[White "Giri, Anish"]
[Black "Ragger, Markus"]
[Result "1-0"]
[WhiteElo "2738"]
[BlackElo "2585"]
[PlyCount "81"]
[EventDate "2025.??.??"]

1. e4 e5 2. Nf3 Nc6 3. Bb5 a6 4. Ba4 Nf6 5. O-O Be7 6. d3 b5 7. Bb3 d6 8. a4 Bd7 9. c3 Na5 10. Ba2 bxa4 11. Nbd2 Rb8 12. Bb1 Nb3 13. Nxb3 axb3 14. d4 exd4 15. Nxd4 c5 16. Nxb3 O-O 17. Re1 Be6 18. Nd2 a5 19. Ba2 d5 20. exd5 Nxd5 21. Nf3 Bf6 22. Qc2 Rb7 23. h3 Ra7 24. Bd2 Rd7 25. Rad1 Nc7 26. Bb1 g6 27. Qa4 Nd5 28. Ba2 Nb6 29. Qxa5 c4 30. Bb1 Rd5 31. Qa1 Qc8 32. Bf4 Bxh3 33. gxh3 Qxh3 34. Be4 Rh5 35. Nh2 Bh4 36. Re3 Qc8 37. Qc1 Na4 38. Bf3 Rf5 39. Re4 Nc5 40. Rxc4 Qe6 41. Rb4 1-0

[Event "BL 2425 SG Solingen - Düsseldorfer SK"]
[Site "?"]
[Date "2025.04.25"]
[Round "13.4"]
[White "Andersen, Mads"]
[Black "Sindarov, Javokhir"]
[Result "1/2-1/2"]
[WhiteElo "2576"]
[BlackElo "2706"]
[PlyCount "40"]
[EventDate "2025.??.??"]

1. e4 c5 2. Nf3 e6 3. b3 a6 4. Bb2 d5 5. exd5 exd5 6. Qe2+ Be6 7. g3 Nc6 8. Bg2 Nh6 9. O-O Nf5 10. d3 Be7 11. c4 O-O 12. Nc3 Bf6 13. Rad1 Re8 14. Rfe1 h6 15. Nxd5 Bxd5 16. Qxe8+ Qxe8 17. Rxe8+ Rxe8 18. cxd5 Bxb2 19. dxc6 bxc6 20. Kf1 Kf8 1/2-1/2

[Event "BL 2425 SG Solingen - Düsseldorfer SK"]
[Site "?"]
[Date "2025.04.25"]
[Round "13.5"]
[White "Van Foreest, Jorden"]
[Black "Van Wely, Loek"]
[Result "1-0"]
[WhiteElo "2681"]
[BlackElo "2608"]
[PlyCount "83"]
[EventDate "2025.??.??"]

1. e4 c5 2. Nf3 d6 3. d4 cxd4 4. Nxd4 Nf6 5. f3 e5 6. Nb3 d5 7. Bg5 d4 8. c3 Nc6 9. cxd4 exd4 10. Bb5 Bb4+ 11. Bd2 Qb6 12. Bxc6+ bxc6 13. Bxb4 Qxb4+ 14. Qd2 Rb8 15. Qxb4 Rxb4 16. Na3 c5 17. Rc1 O-O 18. Rxc5 Be6 19. Nc2 Ra4 20. Nc1 d3 21. Nxd3 Rxa2 22. Kf2 Rd8 23. Rc3 g5 24. Ke3 a5 25. Nd4 Re8 26. Rhc1 a4 27. Nc6 a3 28. Rxa3 Rxa3 29. bxa3 Ra8 30. Rc3 Nd7 31. Nd4 Kf8 32. g3 Bh3 33. Kf2 h5 34. Ke3 Bf1 35. h4 Bxd3 36. Kxd3 Ne5+ 37. Ke3 g4 38. fxg4 Nxg4+ 39. Kf4 Ke7 40. Nf5+ Kd7 41. Rd3+ Kc7 42. Ne3 1-0

[Event "BL 2425 SG Solingen - Düsseldorfer SK"]
[Site "?"]
[Date "2025.04.25"]
[Round "13.6"]
[White "Smeets, Jan"]
[Black "Esipenko, Andrey"]
[Result "1/2-1/2"]
[WhiteElo "2568"]
[BlackElo "2696"]
[PlyCount "63"]
[EventDate "2025.??.??"]

1. e4 e5 2. Nf3 Nc6 3. Nc3 Nf6 4. d4 exd4 5. Nxd4 Bb4 6. Nxc6 bxc6 7. Bd3 d5 8. exd5 O-O 9. O-O cxd5 10. h3 c6 11. Qf3 Bd6 12. Re1 Be6 13. Bg5 h6 14. Bh4 Rb8 15. Nd1 Rb4 16. Bxf6 Qxf6 17. Qxf6 gxf6 18. b3 Re8 19. c3 Rbb8 20. Ne3 a5 21. Nf5 Bf8 22. Re3 Bd7 23. Rf3 Re5 24. Ne3 Bg7 25. Ng4 Bxg4 26. hxg4 Rbe8 27. Kf1 h5 28. gxh5 Rxh5 29. Kg1 Rhe5 30. Kf1 Rh5 31. Kg1 Rhe5 32. Kf1 1/2-1/2

[Event "BL 2425 SG Solingen - Düsseldorfer SK"]
[Site "?"]
[Date "2025.04.25"]
[Round "13.7"]
[White "Sadhwani, Raunak"]
[Black "Halvax, Georg"]
[Result "1-0"]
[WhiteElo "2665"]
[BlackElo "2441"]
[PlyCount "65"]
[EventDate "2025.??.??"]

1. e4 c5 2. Nf3 e6 3. d4 cxd4 4. Nxd4 Nf6 5. Bd3 Nc6 6. Nxc6 bxc6 7. Bf4 d5 8. Nd2 Qb6 9. O-O a5 10. c4 Ba6 11. Rc1 Be7 12. exd5 cxd5 13. Qa4+ Nd7 14. Nb3 Qb7 15. Rfd1 O-O 16. Nxa5 Nc5 17. Bxh7+ Kh8 18. Qa3 Nb3 19. Qxb3 Qxb3 20. Nxb3 Kxh7 21. cxd5 Bf6 22. dxe6 fxe6 23. Rc2 Rfc8 24. Nc5 Bxb2 25. Rxb2 Rxc5 26. h3 Ra5 27. Rd7 Bc8 28. Re7 Kg6 29. Rc2 Kf6 30. Rcc7 g5 31. Rf7+ Kg6 32. Rg7+ Kh6 33. Be3 1-0